| 000 | 01214cam a2200313 a 4500 | ||
|---|---|---|---|
| 999 |
_c113 _d113 |
||
| 001 | 14065460 | ||
| 003 | OSt | ||
| 005 | 20190911131102.0 | ||
| 008 | 050805s2007 mauab b 001 0 eng | ||
| 010 | _a 2005022883 | ||
| 020 | _a9780072830897 (hard copy : alk. paper) | ||
| 020 | _a0072830891 (hard copy : alk. paper) | ||
| 040 |
_aDLC _cDLC _dDLC |
||
| 050 | 0 | 0 |
_aGE105 _b.C86 2007 |
| 082 | 0 | 0 |
_a363.7 _222 |
| 100 | 1 | _aCunningham, William P. | |
| 245 | 1 | 0 |
_aEnvironmental science : _ba global concern. |
| 250 |
_a9th ed. / _bWilliam P. Cunningham, Mary Ann Cunningham, Barbara Woodworth Saigo. |
||
| 260 |
_aBoston : _bMcGraw-Hill Higher Education, _cc2007. |
||
| 300 |
_axvi, 620 p. : _bill. (some col.), col. maps ; _c29 cm. |
||
| 504 | _aIncludes bibliographical references and index. | ||
| 650 | 0 |
_aEnvironmental sciences _vTextbooks. |
|
| 700 | 1 | _aCunningham, Mary Ann. | |
| 700 | 1 | _aSaigo, Barbara Woodworth. | |
| 856 | 4 | 1 |
_3Table of contents _uhttp://www.loc.gov/catdir/toc/ecip0517/2005022883.html |
| 906 |
_a7 _bcbc _corignew _d1 _eecip _f20 _gy-gencatlg |
||
| 942 |
_2lcc _cBK |
||